Infierno poético de Polonia (Antología de 27 poetas contemporáneos 1942 -1981)

Gespeichert in:
Bibliographische Detailangaben
1. Verfasser: Piotrowski, Bogdan
Format: Buch
Sprache:Undetermined
Veröffentlicht: Bogotá, Colombia Antares 1982
Schlagworte:
Tags: Tag hinzufügen
Keine Tags, Fügen Sie den ersten Tag hinzu!

MARC

LEADER 00000nam a2200000Ia 4500
008 170316s9999 xx 000 0 und d
090 |a 800-P P-1i 
100 |a Piotrowski, Bogdan 
245 |a Infierno poético de Polonia (Antología de 27 poetas contemporáneos 1942 -1981) 
260 |a Bogotá, Colombia 
260 |b Antares 
260 |c 1982 
300 |a 179 páginas 
650 |a LITERATURA POLACA 
650 |a OTRAS LITERATURAS 
650 |a ANTOLOGÍA 
650 |a POETAS CONTEMPORÁNEOS 
999 |c 19964  |d 19964 
040 |a cru BVZT 
942 |c 15 D  |h 800-P P-1i  |2 z